000 00796cam a2200253 a 4500
001 12526217
005 20180110081121.0
008 010905s2002 maua b 001 0 eng
010 _a 2001131564
020 _a061811646X
040 _aDLC
_cDLC
_dDLC
041 _aeng
043 _an-us---
080 _a372.83/0440973 DAV
082 0 0 _a372.83/0440973 DAV
_221
100 1 _a46
101 _aEDU
245 1 0 _aChildren and their world :
_cDavid A. Welton.
246 3 0 _aStrategies for teaching social studies
504 _aIncludes bibliographical references (p. [410-449]) and indexes.
906 _a7
_bcbc
_corigcop
_d3
_encip
_f20
_gy-gencatlg
942 _2ddc
_cBK
999 _c40028
_d40028